[Event "Stay Safe Play From Home 152"]
[Site "T#646138Emanuel Laske"]
[Date "2020.05.17"]
[Round "6"]
[White "MartinKestler"]
[Black "Don59as"]
[Result "0-1"]
[WhiteElo "1946"]
[BlackElo "2017"]
[Annotator "NA"]
[PlyCount "148"]
[EventDate "2020.05.17"]
[EventType "swiss (blitz)"]

1. Nf3 {[%emt 0:00:01]} d5 {[%emt 0:00:01]} 2. b3 {[%emt 0:00:00]} e6 {[%emt 0:00:00]} 3. Bb2 {[%emt 0:00:00]} Nf6 {[%emt 0:00:00]} 4. e3 {[%emt 0:00:00]} g6 {[%emt 0:00:01]} 5. d4 {[%emt 0:00:00]} Bg7 {[%emt 0:00:00]} 6. Be2 {[%emt 0:00:00]} O-O {[%emt 0:00:00]} 7. O-O {[%emt 0:00:00]} Nbd7 {[%emt 0:00:00]} 8. Nbd2 {[%emt 0:00:00]} Ne4 {[%emt 0:00:01]} 9. c4 {[%emt 0:00:00]} c6 {[%emt 0:00:02]} 10. Nxe4 {[%emt 0:00:01]} dxe4 {[%emt 0:00:00]} 11. Ne5 {[%emt 0:00:00]} Nxe5 {[%emt 0:00:01]} 12. dxe5 {[%emt 0:00:00]} Qc7 {[%emt 0:00:00]} 13. Qc2 {[%emt 0:00:01]} Bxe5 {[%emt 0:00:01]} 14. Bxe5 {[%emt 0:00:00]} Qxe5 {[%emt 0:00:01]} 15. Rad1 {[%emt 0:00:00]} b6 {[%emt 0:00:03]} 16. g3 {[%emt 0:00:02]} c5 {[%emt 0:00:01]} 17. Qd2 {[%emt 0:00:01]} Bb7 {[%emt 0:00:01]} 18. Qd6 {[%emt 0:00:01]} Qxd6 {[%emt 0:00:02]} 19. Rxd6 {[%emt 0:00:01]} Rad8 {[%emt 0:00:01]} 20. Rfd1 {[%emt 0:00:00]} Rxd6 {[%emt 0:00:01]} 21. Rxd6 {[%emt 0:00:00]} Rb8 {[%emt 0:00:02]} 22. Rd7 {[%emt 0:00:01]} Kf8 {[%emt 0:00:01]} 23. a3 {[%emt 0:00:03]} Ke8 {[%emt 0:00:01]} 24. Rd2 {[%emt 0:00:00]} Rd8 {[%emt 0:00:03]} 25. Rxd8+ {[%emt 0:00:00]} Kxd8 {[%emt 0:00:00]} 26. Kf1 {[%emt 0:00:00]} Ke7 {[%emt 0:00:00]} 27. Ke1 {[%emt 0:00:00]} f5 {[%emt 0:00:00]} 28. Kd2 {[%emt 0:00:01]} e5 {[%emt 0:00:00]} 29. Kc3 {[%emt 0:00:01]} Kf6 {[%emt 0:00:00]} 30. a4 {[%emt 0:00:01]} g5 {[%emt 0:00:01]} 31. Kd2 {[%emt 0:00:01]} f4 {[%emt 0:00:01]} 32. Kc3 {[%emt 0:00:02]} Bc8 {[%emt 0:00:01]} 33. b4 {[%emt 0:00:03]} Bh3 {[%emt 0:00:02]} 34. bxc5 {[%emt 0:00:02]} bxc5 {[%emt 0:00:00]} 35. a5 {[%emt 0:00:02]} Bg2 {[%emt 0:00:02]} 36. Kb3 {[%emt 0:00:02]} Ke7 {[%emt 0:00:01]} 37. Kc3 {[%emt 0:00:01]} Kd6 {[%emt 0:00:01]} 38. Kb3 {[%emt 0:00:01]} Bf3 {[%emt 0:00:01]} 39. Bf1 {[%emt 0:00:02]} g4 {[%emt 0:00:01]} 40. h3 {[%emt 0:00:03]} gxh3 {[%emt 0:00:01]} 41. Bxh3 {[%emt 0:00:00]} h5 {[%emt 0:00:01]} 42. Bc8 {[%emt 0:00:02]} Bg4 {[%emt 0:00:01]} 43. Bb7 {[%emt 0:00:02]} Bd7 {[%emt 0:00:02]} 44. Bxe4 {[%emt 0:00:02]} fxg3 {[%emt 0:00:00]} 45. fxg3 {[%emt 0:00:01]} Bg4 {[%emt 0:00:01]} 46. Bg6 {[%emt 0:00:01]} Bf3 {[%emt 0:00:03]} 47. Bf5 {[%emt 0:00:02]} Ke7 {[%emt 0:00:01]} 48. Bg6 {[%emt 0:00:01]} Kf6 {[%emt 0:00:01]} 49. Bd3 {[%emt 0:00:01]} Kg5 {[%emt 0:00:01]} 50. Bh7 {[%emt 0:00:02]} Kg4 {[%emt 0:00:01]} 51. Bg6 {[%emt 0:00:00]} Kxg3 {[%emt 0:00:01]} 52. Bf7 {[%emt 0:00:00]} h4 {[%emt 0:00:01]} 53. Be6 {[%emt 0:00:00]} h3 {[%emt 0:00:01]} 54. Bxh3 {[%emt 0:00:00]} Kxh3 {[%emt 0:00:00]} 55. Kc3 {[%emt 0:00:00]} Kg3 {[%emt 0:00:01]} 56. Kd3 {[%emt 0:00:00]} Bc6 {[%emt 0:00:02]} 57. a6 {[%emt 0:00:00]} Kf3 {[%emt 0:00:01]} 58. e4 {[%emt 0:00:00]} Bxe4+ {[%emt 0:00:01]} 59. Kc3 {[%emt 0:00:00]} Bc6 {[%emt 0:00:00]} 60. Kb3 {[%emt 0:00:00]} e4 {[%emt 0:00:00]} 61. Kc3 {[%emt 0:00:01]} e3 {[%emt 0:00:00]} 62. Kc2 {[%emt 0:00:00]} e2 {[%emt 0:00:00]} 63. Kc3 {[%emt 0:00:00]} Kf2 {[%emt 0:00:01]} 64. Kb2 {[%emt 0:00:00]} e1=Q {[%emt 0:00:01]} 65. Kb3 {[%emt 0:00:01]} Qb4+ {[%emt 0:00:01]} 66. Ka2 {[%emt 0:00:00]} Qxc4+ {[%emt 0:00:00]} 67. Kb1 {[%emt 0:00:00]} Qxa6 {[%emt 0:00:01]} 68. Kb2 {[%emt 0:00:00]} Qb5+ {[%emt 0:00:01]} 69. Kc3 {[%emt 0:00:00]} Ke3 {[%emt 0:00:00]} 70. Kc2 {[%emt 0:00:01]} Qd3+ {[%emt 0:00:01]} 71. Kc1 {[%emt 0:00:00]} Qe2 {[%emt 0:00:00]} 72. Kb1 {[%emt 0:00:00]} Kd3 {[%emt 0:00:00]} 73. Ka1 {[%emt 0:00:00]} Kc3 {[%emt 0:00:00]} 74. Kb1 {[%emt 0:00:00]} Qb2# {[%emt 0:00:00] (Lag: Av=0.63s, max=1.3s)} 0-1

[Event "Stay Safe Play From Home 152"]
[Site "T#646138Emanuel Laske"]
[Date "2020.05.17"]
[Round "6"]
[White "Konmos"]
[Black "Haxhi Baha"]
[Result "1-0"]
[WhiteElo "1764"]
[BlackElo "1904"]
[PlyCount "61"]
[EventDate "2020.05.17"]
[EventType "swiss (blitz)"]

1. f4 {[%emt 0:00:01]} e5 {[%emt 0:00:01]} 2. fxe5 {[%emt 0:00:01]} d6 {[%emt 0:00:00]} 3. Nf3 {[%emt 0:00:00]} Bg4 {[%emt 0:00:02]} 4. e4 {[%emt 0:00:00]} dxe5 {[%emt 0:00:01]} 5. Bb5+ {[%emt 0:00:01]} c6 {[%emt 0:00:01]} 6. Be2 {[%emt 0:00:00]} Nd7 {[%emt 0:00:02]} 7. O-O {[%emt 0:00:00]} Ngf6 {[%emt 0:00:01]} 8. d3 {[%emt 0:00:01]} Bc5+ {[%emt 0:00:01]} 9. Kh1 {[%emt 0:00:02]} h6 {[%emt 0:00:00]} 10. c4 {[%emt 0:00:01]} Qe7 {[%emt 0:00:01]} 11. Nc3 {[%emt 0:00:02]} O-O-O {[%emt 0:00:01]} 12. a3 {[%emt 0:00:00]} g5 {[%emt 0:00:02]} 13. b4 {[%emt 0:00:00]} Bb6 {[%emt 0:00:03]} 14. c5 {[%emt 0:00:02]} Bc7 {[%emt 0:00:01]} 15. Qa4 {[%emt 0:00:01]} Kb8 {[%emt 0:00:01]} 16. Be3 {[%emt 0:00:04]} Nh5 {[%emt 0:00:02]} 17. Rac1 {[%emt 0:00:03]} Nf4 {[%emt 0:00:02]} 18. h3 {[%emt 0:00:06]} Nxe2 {[%emt 0:00:04]} 19. Nxe2 {[%emt 0:00:00]} Be6 {[%emt 0:00:02]} 20. b5 {[%emt 0:00:05]} Nxc5 {[%emt 0:00:06]} 21. Bxc5 {[%emt 0:00:02]} Qd7 {[%emt 0:00:05]} 22. bxc6 {[%emt 0:00:01]} bxc6 {[%emt 0:00:04]} 23. Qxa7+ {[%emt 0:00:04]} Kc8 {[%emt 0:00:01]} 24. Qa8+ {[%emt 0:00:02]} Bb8 {[%emt 0:00:02]} 25. Bb6 {[%emt 0:00:03]} Qb7 {[%emt 0:00:07]} 26. Rxc6+ {[%emt 0:00:01]} Kd7 {[%emt 0:00:01]} 27. Qxb7+ {[%emt 0:00:01]} Ke8 {[%emt 0:00:01]} 28. Rxe6+ {[%emt 0:00:00]} fxe6 {[%emt 0:00:01]} 29. Bxd8 {[%emt 0:00:00]} Kxd8 {[%emt 0:00:01]} 30. Qxb8+ {[%emt 0:00:00]} Ke7 {[%emt 0:00:00]} 31. Qxh8 {[%emt 0:00:00] Time Haxhi Baha resigns} 1-0

[Event "Stay Safe Play From Home 152"]
[Site "T#646138Emanuel Laske"]
[Date "2020.05.17"]
[Round "6"]
[White "Trotsky"]
[Black "Weltszmerc"]
[Result "0-1"]
[WhiteElo "1591"]
[BlackElo "2072"]
[PlyCount "60"]
[EventDate "2020.05.17"]
[EventType "swiss (blitz)"]

1. d4 {[%emt 0:00:01]} Nf6 {[%emt 0:00:00]} 2. e3 {[%emt 0:00:00]} b6 {[%emt 0:00:00]} 3. c4 {[%emt 0:00:01]} Bb7 {[%emt 0:00:00]} 4. Nc3 {[%emt 0:00:01]} e6 {[%emt 0:00:00]} 5. Qd2 {[%emt 0:00:01]} d5 {[%emt 0:00:00]} 6. f3 {[%emt 0:00:01]} dxc4 {[%emt 0:00:01]} 7. Bxc4 {[%emt 0:00:02]} c5 {[%emt 0:00:00]} 8. Bd3 {[%emt 0:00:05]} cxd4 {[%emt 0:00:02]} 9. exd4 {[%emt 0:00:02]} Nc6 {[%emt 0:00:00]} 10. a3 {[%emt 0:00:04]} Be7 {[%emt 0:00:01]} 11. Nge2 {[%emt 0:00:03]} O-O {[%emt 0:00:00]} 12. Qc2 {[%emt 0:00:01]} h6 {[%emt 0:00:01]} 13. Be3 {[%emt 0:00:01]} Rc8 {[%emt 0:00:02]} 14. Ng1 {[%emt 0:00:02]} Nd5 {[%emt 0:00:00]} 15. h4 {[%emt 0:00:01]} Nxe3 {[%emt 0:00:01]} 16. Qb1 {[%emt 0:00:02]} Qxd4 {[%emt 0:00:01]} 17. Nge2 {[%emt 0:00:02]} Nxg2+ {[%emt 0:00:01]} 18. Kf1 {[%emt 0:00:01]} Ne3+ {[%emt 0:00:01]} 19. Ke1 {[%emt 0:00:02]} Qe5 {[%emt 0:00:01]} 20. f4 {[%emt 0:00:06]} Qf6 {[%emt 0:00:01]} 21. Ne4 {[%emt 0:00:04]} Qg6 {[%emt 0:00:01]} 22. Rg1 {[%emt 0:00:02]} Qh7 {[%emt 0:00:01]} 23. Ng5 {[%emt 0:00:02]} Bf6 {[%emt 0:00:00]} 24. Bxh7+ {[%emt 0:00:02]} Kh8 {[%emt 0:00:00]} 25. Bg8 {[%emt 0:00:03]} g6 {[%emt 0:00:04]} 26. Bxf7 {[%emt 0:00:02]} Rxf7 {[%emt 0:00:01]} 27. Qxg6 {[%emt 0:00:01]} Bxg5 {[%emt 0:00:02]} 28. Qxf7 {[%emt 0:00:02]} Ne5 {[%emt 0:00:03]} 29. Qh5 {[%emt 0:00:03]} Nc2+ {[%emt 0:00:00]} 30. Kf2 {[%emt 0:00:02]} Nd3+ {[%emt 0:00:02] ' Âðåìÿ (Lag: Av=0.61s, max=1.0s)} 0-1

[Event "Stay Safe Play From Home 152"]
[Site "T#646138Emanuel Laske"]
[Date "2020.05.17"]
[Round "7"]
[White "XShot"]
[Black "Castlingarrocco"]
[Result "1-0"]
[WhiteElo "2467"]
[BlackElo "2038"]
[Annotator "TA"]
[PlyCount "53"]
[EventDate "2020.05.17"]
[EventType "swiss (blitz)"]

{[%evp 9,52,22,12,-1,-12,-24,-6,-75,0,0,0,0,13,0,0,0,22,29,56,59,87,21,71,20,53,9,19,0,14,-111,-100,-99,0,-68,-68,-67,683,683,29994,29995,29995,29996,29998,29999,29999]} 1. d4 d6 2. Nf3 Nc6 3. Nc3 Nf6 4. d5 Ne5 5. e4 Nxf3+ 6. gxf3 {[#] A41: 1 d4 d6: Tartakower System and Modern Defence.} g6 $146 ({Predecessor:} 6... c6 7. Bg5 e5 8. dxe6 Bxe6 9. f4 h6 10. Bh4 Be7 11. f5 Bd7 12. Qf3 Qa5 {1-0 (28) Tate,E (2340)-Shibut,M (2313) Washington DC 2004}) 7. h4 Bg7 8. h5 (8. Bg5 $11) 8... O-O (8... Nxh5 $17 9. Bg5 f6) 9. hxg6 $11 fxg6 10. Be3 e5 11. Qd2 Nh5 12. O-O-O Nf4 13. Ne2 Nxe2+ 14. Bxe2 Qe7 15. Bh6 ({White should try} 15. Rh2 $16) 15... Rf7 16. Bxg7 (16. Bg5 $16 Bf6 17. Be3) 16... Rxg7 17. Rdg1 Qf7 18. Qh6 c6 19. Kb1 (19. dxc6 $11 bxc6 20. Qd2) 19... cxd5 $17 20. exd5 Qxd5 (20... Bf5 $17 21. Rh4 Rc8) 21. Qh4 (21. Rd1 $11 Qc6 22. Bd3) 21... Be6 $15 22. b3 {Hoping for Bc4.} a5 $2 {[%mdl 8192] This costs Black the game.} (22... Qd4 $15 23. Qxd4 exd4) 23. Bc4 $18 Qd4 {Threatens to win with ...Bxc4.} 24. Bxe6+ {White mates.} Kh8 {[#]} 25. Qf6 $1 Qc3 {[#]} 26. Rxh7+ $1 {[%mdl 512]} Kxh7 27. Rh1# {Accuracy: White = 58%, Black = 49%.} 1-0

[Event "Stay Safe Play From Home 152"]
[Site "T#646138Emanuel Laske"]
[Date "2020.05.17"]
[Round "7"]
[White "Weltszmerc"]
[Black "Fischer_11"]
[Result "1-0"]
[WhiteElo "2074"]
[BlackElo "2042"]
[Annotator "NA"]
[PlyCount "85"]
[EventDate "2020.05.17"]
[EventType "swiss (blitz)"]

1. d4 {[%emt 0:00:02]} e5 {[%emt 0:00:01]} 2. Nf3 {[%emt 0:00:01]} Nc6 {[%emt 0:00:00]} 3. d5 {[%emt 0:00:01]} e4 {[%emt 0:00:01]} 4. dxc6 {[%emt 0:00:01]} exf3 {[%emt 0:00:00]} 5. gxf3 {[%emt 0:00:02]} bxc6 {[%emt 0:00:02]} 6. e4 {[%emt 0:00:01]} d5 {[%emt 0:00:00]} 7. Be3 {[%emt 0:00:02]} Nf6 {[%emt 0:00:02]} 8. e5 {[%emt 0:00:01]} Nd7 {[%emt 0:00:02]} 9. f4 {[%emt 0:00:00]} Bc5 {[%emt 0:00:00]} 10. c4 {[%emt 0:00:01]} Bxe3 {[%emt 0:00:01]} 11. fxe3 {[%emt 0:00:00]} Qh4+ {[%emt 0:00:01]} 12. Kd2 {[%emt 0:00:01]} Nc5 {[%emt 0:00:02]} 13. Qf3 {[%emt 0:00:02]} Ne4+ {[%emt 0:00:01]} 14. Kc2 {[%emt 0:00:04]} Bf5 {[%emt 0:00:09]} 15. Bd3 {[%emt 0:00:01]} O-O {[%emt 0:00:05]} 16. Nc3 {[%emt 0:00:01]} Bg4 {[%emt 0:00:06]} 17. Qg2 {[%emt 0:00:03]} Nc5 {[%emt 0:00:02]} 18. h3 {[%emt 0:00:05]} Bh5 {[%emt 0:00:05]} 19. Rhg1 {[%emt 0:00:04]} g6 {[%emt 0:00:03]} 20. Be2 {[%emt 0:00:04]} Bxe2 {[%emt 0:00:02]} 21. Qxe2 {[%emt 0:00:00]} Qxh3 {[%emt 0:00:01]} 22. cxd5 {[%emt 0:00:04]} Qf5+ {[%emt 0:00:01]} 23. e4 {[%emt 0:00:02]} Qxf4 {[%emt 0:00:01]} 24. Raf1 {[%emt 0:00:01]} Qxe5 {[%emt 0:00:01]} 25. dxc6 {[%emt 0:00:00]} Rab8 {[%emt 0:00:01]} 26. b3 {[%emt 0:00:01]} Rfd8 {[%emt 0:00:03]} 27. Qc4 {[%emt 0:00:01]} Re8 {[%emt 0:00:01]} 28. Qd5 {[%emt 0:00:02]} Qxd5 {[%emt 0:00:01]} 29. Nxd5 {[%emt 0:00:01]} Nxe4 {[%emt 0:00:00]} 30. Re1 {[%emt 0:00:02]} f5 {[%emt 0:00:01]} 31. Rxe4 {[%emt 0:00:01]} Rbd8 {[%emt 0:00:00]} 32. Nf6+ {[%emt 0:00:01]} Kf7 {[%emt 0:00:01]} 33. Rxe8 {[%emt 0:00:00]} Rxe8 {[%emt 0:00:00]} 34. Nxe8 {[%emt 0:00:01]} Kxe8 {[%emt 0:00:00]} 35. Rh1 {[%emt 0:00:00]} h5 {[%emt 0:00:00]} 36. Rh2 {[%emt 0:00:01]} Kf7 {[%emt 0:00:00]} 37. Rd2 {[%emt 0:00:00]} Kf6 {[%emt 0:00:00]} 38. Rd7 {[%emt 0:00:00]} h4 {[%emt 0:00:00]} 39. Rxc7 {[%emt 0:00:00]} h3 {[%emt 0:00:00]} 40. Rh7 {[%emt 0:00:01]} h2 {[%emt 0:00:00]} 41. c7 {[%emt 0:00:00]} Kg5 {[%emt 0:00:00]} 42. c8=Q {[%emt 0:00:00]} Kg4 {[%emt 0:00:00]} 43. Rxh2 {[%emt 0:00:01] Zeit} 1-0

[Event "Stay Safe Play From Home 152"]
[Site "T#646138Emanuel Laske"]
[Date "2020.05.17"]
[Round "7"]
[White "Sfantul321"]
[Black "SoulofWolf"]
[Result "0-1"]
[WhiteElo "2063"]
[BlackElo "2145"]
[Annotator "NA"]
[PlyCount "88"]
[EventDate "2020.05.17"]
[EventType "swiss (blitz)"]

1. c4 {[%emt 0:00:01]} d5 {[%emt 0:00:00]} 2. Nc3 {[%emt 0:00:00]} c6 {[%emt 0:00:00]} 3. cxd5 {[%emt 0:00:01]} cxd5 {[%emt 0:00:00]} 4. d4 {[%emt 0:00:00]} e6 {[%emt 0:00:00]} 5. Nf3 {[%emt 0:00:01]} Be7 {[%emt 0:00:00]} 6. Bf4 {[%emt 0:00:01]} Nf6 {[%emt 0:00:00]} 7. e3 {[%emt 0:00:01]} O-O {[%emt 0:00:00]} 8. Bd3 {[%emt 0:00:01]} Nc6 {[%emt 0:00:00]} 9. a3 {[%emt 0:00:01]} a6 {[%emt 0:00:00]} 10. Rc1 {[%emt 0:00:01]} b5 {[%emt 0:00:00]} 11. Bb1 {[%emt 0:00:01]} Bb7 {[%emt 0:00:01]} 12. Qd3 {[%emt 0:00:00]} g6 {[%emt 0:00:01]} 13. Bh6 {[%emt 0:00:01]} Re8 {[%emt 0:00:01]} 14. h3 {[%emt 0:00:01]} Rc8 {[%emt 0:00:00]} 15. Ne5 {[%emt 0:00:01]} Qd6 {[%emt 0:00:01]} 16. Bf4 {[%emt 0:00:01]} Qd8 {[%emt 0:00:02]} 17. O-O {[%emt 0:00:01]} Nh5 {[%emt 0:00:00]} 18. Bh2 {[%emt 0:00:01]} Bd6 {[%emt 0:00:02]} 19. f4 {[%emt 0:00:01]} Nf6 {[%emt 0:00:02]} 20. g4 {[%emt 0:00:01]} b4 {[%emt 0:00:01]} 21. axb4 {[%emt 0:00:02]} Nxb4 {[%emt 0:00:00]} 22. Qe2 {[%emt 0:00:01]} Ne4 {[%emt 0:00:01]} 23. Nxe4 {[%emt 0:00:01]} dxe4 {[%emt 0:00:00]} 24. Qg2 {[%emt 0:00:01]} f5 {[%emt 0:00:07]} 25. Nc4 {[%emt 0:00:03]} Bf8 {[%emt 0:00:03]} 26. gxf5 {[%emt 0:00:02]} exf5 {[%emt 0:00:01]} 27. Rfd1 {[%emt 0:00:02]} Bc6 {[%emt 0:00:05]} 28. b3 {[%emt 0:00:01]} Bd5 {[%emt 0:00:01]} 29. Bg3 {[%emt 0:00:03]} Qe7 {[%emt 0:00:01]} 30. Qf2 {[%emt 0:00:02]} Qf7 {[%emt 0:00:01]} 31. Bh4 {[%emt 0:00:01]} Qe6 {[%emt 0:00:01]} 32. Bg5 {[%emt 0:00:01]} Bxc4 {[%emt 0:00:01]} 33. bxc4 {[%emt 0:00:01]} Rxc4 {[%emt 0:00:00]} 34. Qd2 {[%emt 0:00:02]} Rec8 {[%emt 0:00:02]} 35. Rxc4 {[%emt 0:00:01]} Qxc4 {[%emt 0:00:01]} 36. Qf2 {[%emt 0:00:05]} h6 {[%emt 0:00:01]} 37. Bf6 {[%emt 0:00:01]} Kh7 {[%emt 0:00:01]} 38. Be5 {[%emt 0:00:01]} Bg7 {[%emt 0:00:01]} 39. Qh4 {[%emt 0:00:01]} Bxe5 {[%emt 0:00:01]} 40. fxe5 {[%emt 0:00:01]} Rc7 {[%emt 0:00:02]} 41. Qd8 {[%emt 0:00:01]} Qc6 {[%emt 0:00:01]} 42. e6 {[%emt 0:00:03]} Nd5 {[%emt 0:00:04]} 43. Ba2 {[%emt 0:00:01]} Ne7 {[%emt 0:00:01]} 44. d5 {[%emt 0:00:01]} Qd6 {[%emt 0:00:01] Time (Lag: Av=0.23s, max=0.8s)} 0-1

[Event "Stay Safe Play From Home 152"]
[Site "T#646138Emanuel Laske"]
[Date "2020.05.17"]
[Round "7"]
[White "Don59as"]
[Black "Indianquant"]
[Result "1-0"]
[WhiteElo "2031"]
[BlackElo "2275"]
[Annotator "NA"]
[PlyCount "55"]
[EventDate "2020.05.17"]
[EventType "swiss (blitz)"]

1. c4 {[%emt 0:00:01]} e5 {[%emt 0:00:01]} 2. Nc3 {[%emt 0:00:01]} Bb4 {[%emt 0:00:00]} 3. Nd5 {[%emt 0:00:02]} Be7 {[%emt 0:00:01]} 4. e4 {[%emt 0:00:01]} c6 {[%emt 0:00:01]} 5. Nc3 {[%emt 0:00:01]} Bc5 {[%emt 0:00:00]} 6. g3 {[%emt 0:00:01]} d6 {[%emt 0:00:01]} 7. Bg2 {[%emt 0:00:01]} f5 {[%emt 0:00:00]} 8. Nge2 {[%emt 0:00:01]} Nf6 {[%emt 0:00:00]} 9. O-O {[%emt 0:00:01]} fxe4 {[%emt 0:00:01]} 10. Nxe4 {[%emt 0:00:01]} Nxe4 {[%emt 0:00:01]} 11. Bxe4 {[%emt 0:00:01]} O-O {[%emt 0:00:00]} 12. Bg2 {[%emt 0:00:02]} Bb6 {[%emt 0:00:02]} 13. d4 {[%emt 0:00:01]} Nd7 {[%emt 0:00:01]} 14. Be3 {[%emt 0:00:02]} Kh8 {[%emt 0:00:03]} 15. b3 {[%emt 0:00:01]} Qe7 {[%emt 0:00:02]} 16. h3 {[%emt 0:00:01]} a5 {[%emt 0:00:01]} 17. Qd2 {[%emt 0:00:01]} Bc7 {[%emt 0:00:01]} 18. d5 {[%emt 0:00:02]} c5 {[%emt 0:00:02]} 19. Nc3 {[%emt 0:00:01]} Nf6 {[%emt 0:00:01]} 20. g4 {[%emt 0:00:02]} Qf7 {[%emt 0:00:01]} 21. Ne4 {[%emt 0:00:02]} Nxe4 {[%emt 0:00:01]} 22. Bxe4 {[%emt 0:00:00]} Bd7 {[%emt 0:00:01]} 23. f4 {[%emt 0:00:01]} exf4 {[%emt 0:00:01]} 24. Rxf4 {[%emt 0:00:01]} Qe7 {[%emt 0:00:01]} 25. Raf1 {[%emt 0:00:01]} Rxf4 {[%emt 0:00:01]} 26. Rxf4 {[%emt 0:00:01]} a4 {[%emt 0:00:00]} 27. Qf2 {[%emt 0:00:03]} Be8 {[%emt 0:00:03]} 28. Rf8+ {[%emt 0:00:02] Indianquant resigns (Lag: Av=0.65s, max=1.5s)} 1-0

[Event "Stay Safe Play From Home 152"]
[Site "T#646138Emanuel Laske"]
[Date "2020.05.17"]
[Round "7"]
[White "Haxhi Baha"]
[Black "Mepe_Nika"]
[Result "0-1"]
[WhiteElo "1881"]
[BlackElo "2312"]
[Annotator "RC"]
[PlyCount "96"]
[EventDate "2020.05.17"]
[EventType "swiss (blitz)"]

1. e4 {[%emt 0:00:01]} c6 {[%emt 0:00:01]} 2. Nf3 {[%emt 0:00:01]} d5 {[%emt 0:00:00]} 3. Nc3 {[%emt 0:00:01]} dxe4 {[%emt 0:00:01]} 4. Nxe4 {[%emt 0:00:00]} Bf5 {[%emt 0:00:01]} 5. Ng3 {[%emt 0:00:01]} Bg6 {[%emt 0:00:01]} 6. h3 {[%emt 0:00:00]} Nd7 {[%emt 0:00:01]} 7. d4 {[%emt 0:00:00]} e6 {[%emt 0:00:01]} 8. Bd3 {[%emt 0:00:00]} Ngf6 {[%emt 0:00:01]} 9. Bxg6 {[%emt 0:00:01]} hxg6 {[%emt 0:00:01]} 10. Qe2 {[%emt 0:00:00]} Bd6 {[%emt 0:00:01]} 11. Bg5 {[%emt 0:00:01]} Bxg3 {[%emt 0:00:01]} 12. fxg3 {[%emt 0:00:01]} Qc7 {[%emt 0:00:01]} 13. Bf4 {[%emt 0:00:01]} Qb6 {[%emt 0:00:01]} 14. O-O-O {[%emt 0:00:01]} Nd5 {[%emt 0:00:02]} 15. Bd2 {[%emt 0:00:01]} O-O-O {[%emt 0:00:01]} 16. c4 {[%emt 0:00:01]} N5f6 {[%emt 0:00:01]} 17. g4 {[%emt 0:00:01]} Kb8 {[%emt 0:00:01]} 18. Bf4+ {[%emt 0:00:02]} Ka8 {[%emt 0:00:01]} 19. Qc2 {[%emt 0:00:01]} c5 {[%emt 0:00:02]} 20. d5 {[%emt 0:00:03]} exd5 {[%emt 0:00:01]} 21. cxd5 {[%emt 0:00:00]} Rhe8 {[%emt 0:00:02]} 22. Rhe1 {[%emt 0:00:01]} Rxe1 {[%emt 0:00:03]} 23. Rxe1 {[%emt 0:00:00]} Re8 {[%emt 0:00:00]} 24. Rxe8+ {[%emt 0:00:03]} Nxe8 {[%emt 0:00:00]} 25. Qe4 {[%emt 0:00:01]} Qd8 {[%emt 0:00:01]} 26. d6 {[%emt 0:00:01]} a6 {[%emt 0:00:02]} 27. Qd5 {[%emt 0:00:01]} Nef6 {[%emt 0:00:03]} 28. Qxf7 {[%emt 0:00:01]} Qa5 {[%emt 0:00:01]} 29. Qxg7 {[%emt 0:00:04]} Qxa2 {[%emt 0:00:01]} 30. g5 {[%emt 0:00:03]} Qc4+ {[%emt 0:00:02]} 31. Kb1 {[%emt 0:00:05]} Qxf4 {[%emt 0:00:01]} 32. gxf6 {[%emt 0:00:02]} Nxf6 {[%emt 0:00:00]} 33. Qf8+ {[%emt 0:00:04]} Ka7 {[%emt 0:00:01]} 34. d7 {[%emt 0:00:01]} Qf5+ {[%emt 0:00:01]} 35. Ka1 {[%emt 0:00:03]} Nxd7 {[%emt 0:00:00]} 36. Qxf5 {[%emt 0:00:02]} gxf5 {[%emt 0:00:00]} 37. h4 {[%emt 0:00:00]} Nf6 {[%emt 0:00:01]} 38. Ng5 {[%emt 0:00:02]} Kb6 {[%emt 0:00:01]} 39. Ne6 {[%emt 0:00:01]} Kc6 {[%emt 0:00:01]} 40. Ng7 {[%emt 0:00:00]} Kd5 {[%emt 0:00:02]} 41. h5 {[%emt 0:00:00]} Ke5 {[%emt 0:00:01]} 42. h6 {[%emt 0:00:01]} b5 {[%emt 0:00:01]} 43. Ka2 {[%emt 0:00:01]} c4 {[%emt 0:00:01]} 44. Nh5 {[%emt 0:00:01]} Nh7 {[%emt 0:00:02]} 45. g3 {[%emt 0:00:00]} Ke4 {[%emt 0:00:02]} 46. Nf4 {[%emt 0:00:00]} Kf3 {[%emt 0:00:01]} 47. Nh5 {[%emt 0:00:02]} Kg4 {[%emt 0:00:01]} 48. Ng7 {[%emt 0:00:02]} Kg5 {[%emt 0:00:01] Time (Lag: Av=0.51s, max=1.0s)} 0-1

[Event "Stay Safe Play From Home 152"]
[Site "T#646138Emanuel Laske"]
[Date "2020.05.17"]
[Round "7"]
[White "Konmos"]
[Black "Edmatuag"]
[Result "0-1"]
[WhiteElo "1787"]
[BlackElo "1652"]
[Annotator "NA"]
[PlyCount "86"]
[EventDate "2020.05.17"]
[EventType "swiss (blitz)"]

1. e4 {[%emt 0:00:01]} c5 {[%emt 0:00:01]} 2. d4 {[%emt 0:00:01]} f6 {[%emt 0:00:00]} 3. d5 {[%emt 0:00:01]} e6 {[%emt 0:00:03]} 4. c4 {[%emt 0:00:04]} d6 {[%emt 0:00:03]} 5. dxe6 {[%emt 0:00:02]} Bxe6 {[%emt 0:00:02]} 6. Nc3 {[%emt 0:00:00]} Nc6 {[%emt 0:00:01]} 7. Nge2 {[%emt 0:00:02]} a6 {[%emt 0:00:01]} 8. Nf4 {[%emt 0:00:01]} Bf7 {[%emt 0:00:02]} 9. Ncd5 {[%emt 0:00:01]} Nge7 {[%emt 0:00:01]} 10. Bd3 {[%emt 0:00:03]} Nxd5 {[%emt 0:00:01]} 11. exd5 {[%emt 0:00:02]} Ne5 {[%emt 0:00:02]} 12. O-O {[%emt 0:00:01]} Qd7 {[%emt 0:00:01]} 13. Ne6 {[%emt 0:00:05]} Bxe6 {[%emt 0:00:02]} 14. dxe6 {[%emt 0:00:01]} Qxe6 {[%emt 0:00:00]} 15. f4 {[%emt 0:00:02]} Nxd3 {[%emt 0:00:02]} 16. Qxd3 {[%emt 0:00:00]} O-O-O {[%emt 0:00:01]} 17. Re1 {[%emt 0:00:00]} Qd7 {[%emt 0:00:02]} 18. f5 {[%emt 0:00:03]} d5 {[%emt 0:00:01]} 19. cxd5 {[%emt 0:00:02]} Qxd5 {[%emt 0:00:01]} 20. Qc3 {[%emt 0:00:05]} Qd4+ {[%emt 0:00:01]} 21. Qxd4 {[%emt 0:00:02]} cxd4 {[%emt 0:00:00]} 22. Bf4 {[%emt 0:00:01]} d3 {[%emt 0:00:01]} 23. Rad1 {[%emt 0:00:04]} Bc5+ {[%emt 0:00:02]} 24. Kh1 {[%emt 0:00:00]} Rd5 {[%emt 0:00:01]} 25. a3 {[%emt 0:00:03]} Kd7 {[%emt 0:00:03]} 26. b4 {[%emt 0:00:00]} Bb6 {[%emt 0:00:02]} 27. Be3 {[%emt 0:00:01]} Bc7 {[%emt 0:00:03]} 28. Bc5 {[%emt 0:00:04]} b6 {[%emt 0:00:02]} 29. Bg1 {[%emt 0:00:02]} Be5 {[%emt 0:00:01]} 30. Re3 {[%emt 0:00:01]} Rd8 {[%emt 0:00:02]} 31. Rexd3 {[%emt 0:00:01]} Rxd3 {[%emt 0:00:00]} 32. Rxd3+ {[%emt 0:00:00]} Kc7 {[%emt 0:00:00]} 33. Rxd8 {[%emt 0:00:00]} Kxd8 {[%emt 0:00:01]} 34. g4 {[%emt 0:00:01]} Kc7 {[%emt 0:00:01]} 35. Kg2 {[%emt 0:00:00]} b5 {[%emt 0:00:00]} 36. Kf3 {[%emt 0:00:00]} Kc6 {[%emt 0:00:00]} 37. Ke4 {[%emt 0:00:00]} Kd6 {[%emt 0:00:00]} 38. h3 {[%emt 0:00:01]} Bb2 {[%emt 0:00:00]} 39. Bc5+ {[%emt 0:00:02]} Kc6 {[%emt 0:00:02]} 40. a4 {[%emt 0:00:01]} bxa4 {[%emt 0:00:01]} 41. Kd3 {[%emt 0:00:00]} a3 {[%emt 0:00:01]} 42. Kc2 {[%emt 0:00:00] .} Be5 {[%emt 0:00:01]} 43. Kb3 {[%emt 0:00:01]} a5 {[%emt 0:00:01]} 0-1